00407cam a22001097a 4500008004000000082001500040245012000055260005000175300000900225650002500234700003800259180718b1990 xxu||||| |||| 00| 0 eng d aB142 W842A aWomen in agricultural development: FAO's plan of actioncby Food and Agriculture Organization of the United Nations aRomebFood and Agriculture Organizationc1990 a41p. aWomen in agriculture aFood and Agriculture Organization